Elektrotepelná technika /

Salvato in:
Dettagli Bibliografici
Autore principale: Rada, Josef (Autore)
Natura: Libro
Lingua:ceco
Pubblicazione: Praha : SNTL
Tags: Aggiungi Tag
Nessun Tag, puoi essere il primo ad aggiungerne!!

MARC

LEADER 00000nam a22000003a 4500
001 stu4014
005 20150617225700.5
008 930610s--------cs------------------cze-d
040 |a STU  |b slo 
041 0 |a cze 
044 |a cs 
080 |a 621.365  |7 stu_us_auth*stu7225 
100 1 |a Rada, Josef  |4 aut 
245 1 |a Elektrotepelná technika /  |c [aut.] Rada,J 
260 |a Praha :  |b SNTL 
300 |a 344 s 
996 |b 284EK04193  |c E*64170  |l EE0101  |s P  |a 0  |w stu4014_0001 
996 |b 284EK04196  |c E*57335  |l EE01  |s A  |a 24  |w stu4014_0003 
996 |b E59490  |c E*59490  |l EE05  |s P  |a 0  |w stu4014_0004 
996 |b E60582  |c E*60582  |l EE04  |s P  |a 0  |w stu4014_0005 
996 |b 284EK04195  |c E*64169  |l EE01  |s A  |a 24  |w stu4014_0006